<?xml version="1.0" encoding="UTF-8"?><?xml-stylesheet type="text/xsl" href="static/style.xsl"?><OAI-PMH xmlns="http://www.openarchives.org/OAI/2.0/" xmlns:xsi="http://www.w3.org/2001/XMLSchema-instance" xsi:schemaLocation="http://www.openarchives.org/OAI/2.0/ http://www.openarchives.org/OAI/2.0/OAI-PMH.xsd"><responseDate>2026-04-18T02:24:48Z</responseDate><request verb="GetRecord" identifier="oai:riubu.ubu.es:10259/9960" metadataPrefix="marc">https://riubu.ubu.es/oai/request</request><GetRecord><record><header><identifier>oai:riubu.ubu.es:10259/9960</identifier><datestamp>2025-01-18T01:05:29Z</datestamp><setSpec>com_10259_9590</setSpec><setSpec>com_10259_5086</setSpec><setSpec>com_10259_2604</setSpec><setSpec>col_10259_9830</setSpec></header><metadata><record xmlns="http://www.loc.gov/MARC21/slim" xmlns:doc="http://www.lyncode.com/xoai" xmlns:xsi="http://www.w3.org/2001/XMLSchema-instance" xmlns:dcterms="http://purl.org/dc/terms/" xsi:schemaLocation="http://www.loc.gov/MARC21/slim http://www.loc.gov/standards/marcxml/schema/MARC21slim.xsd">
<leader>00925njm 22002777a 4500</leader>
<datafield tag="042" ind1=" " ind2=" ">
<subfield code="a">dc</subfield>
</datafield>
<datafield tag="720" ind1=" " ind2=" ">
<subfield code="a">Nido, Almudena</subfield>
<subfield code="e">author</subfield>
</datafield>
<datafield tag="720" ind1=" " ind2=" ">
<subfield code="a">Díez Cobo, Rosa María</subfield>
<subfield code="e">author</subfield>
</datafield>
<datafield tag="260" ind1=" " ind2=" ">
<subfield code="c">2023</subfield>
</datafield>
<datafield tag="520" ind1=" " ind2=" ">
<subfield code="a">It is indisputable that success in the acquisition of a second language is closely dovetailed with motivation. A direct rapport between motivation and language achievement can be traced, whereby the higher the motivation, the smoother the advances towards an effective acquisition of the target language. This process has been thoroughly explored of late in the field of Second Language Learning (SLL). Experts have rightly pinpointed that motivation dynamics greatly differ when we attend to groups of learners that tend to have a meagre and oscillating engagement with the subject matter, as it is mostly the case with adolescents. Thus, what would be at stake in this paper is the discussion of how to pair teenagers’ preferences with pertinent teaching-learning tools in the EFL (English as a Foreign Language) context.&#xd;
&#xd;
Given that the greatest challenge is to engage students’ attention and to present contents and topics that are relevant to them, it is our contention that specific literary resources as those within the Gothic narrative genre can facilitate motivation in learner-centred experience in adolescence since they resonate with key anxieties of this period. We thus side with the growing current in SLL that, over the decades, has promoted literature and extensive reading as valuable contributions to language acquisition.&#xd;
&#xd;
Our specific proposal is to incorporate the reading of Gothic fiction into the EFL secondary curriculum as a motivational spur. If teachers introduce narratives in English that have particularly appealing subject matters for our students, the teaching-learning strategies would be greatly improved.</subfield>
</datafield>
<datafield tag="024" ind2=" " ind1="8">
<subfield code="a">2184-6006</subfield>
</datafield>
<datafield tag="024" ind2=" " ind1="8">
<subfield code="a">http://hdl.handle.net/10259/9960</subfield>
</datafield>
<datafield tag="024" ind2=" " ind1="8">
<subfield code="a">10.5334/as.135</subfield>
</datafield>
<datafield ind1=" " ind2=" " tag="653">
<subfield code="a">English as a Foreign Language (EFL)</subfield>
</datafield>
<datafield ind1=" " ind2=" " tag="653">
<subfield code="a">Young adult learners</subfield>
</datafield>
<datafield ind1=" " ind2=" " tag="653">
<subfield code="a">Motivation</subfield>
</datafield>
<datafield ind1=" " ind2=" " tag="653">
<subfield code="a">Gothic fiction</subfield>
</datafield>
<datafield ind1=" " ind2=" " tag="653">
<subfield code="a">Adolescence</subfield>
</datafield>
<datafield ind1=" " ind2=" " tag="653">
<subfield code="a">Extensive reading</subfield>
</datafield>
<datafield tag="245" ind1="0" ind2="0">
<subfield code="a">The Use of Gothic Fiction as a Second Language Teaching-Learning Motivational Input for Adolescents</subfield>
</datafield>
</record></metadata></record></GetRecord></OAI-PMH>